| 000 | 00906nam a22002297a 4500 | ||
|---|---|---|---|
| 005 | 20170123162355.0 | ||
| 010 | _a176194 | ||
| 020 | _c00.00 | ||
| 035 | _a176194 | ||
| 037 | _bCen Lib/Ret | ||
| 040 |
_aDPL _bUR |
||
| 082 |
_a940.18 _bا م ی |
||
| 100 |
_aامیر شکیب ارسلان _9107871 |
||
| 245 |
_a/ جنوبی یوروپ پر عربوں کے حملے _cامیر شکیب ارسلان؛ [اور] مترجم نجم الدین احمد شکیب |
||
| 246 |
_aJanubi Europe par Arbon ke hamle / _bby Amir Shakib Arsalan; [and] translated by Najmuddin Ahmad Shakib |
||
| 260 |
_aکراچی _b(انجمن ترقی اردو(پاکستان _c1957 |
||
| 270 |
_aاردو روڈ کراچی _bکراچی |
||
| 300 |
_a374p. _c21cm(Hb) |
||
| 650 |
_aیوروپ کی تاریخ _z _9138916 |
||
| 650 |
_aEuropean History _9138917 |
||
| 942 |
_2ddc _cUR _h940.18 _mا م ی |
||
| 999 |
_c109535 _d109535 |
||